18 de amor /
En esta antología, 18 autores -algunos muy famosos, otros menos conocidos- cantan y cuentan historias de amor. Cada cual a su modo, con palabras mágicas o palabras sencillas, nos ofrecen: amores para soltar lagrimones, amores para suspirar, amores para morirse de risa.
Guardado en:
| Autor Principal: | |
|---|---|
| Otros Autores: | , , , , , , , , , , , , , , , , |
| Formato: | Libro |
| Publicado: |
Buenos Aires :
Sudamericana,
2002.
|
| Series: | Primera / Canela
|
| Materias: | |
| Etiquetas: |
Agregar Etiqueta
Sin Etiquetas, Sea el primero en etiquetar este registro!
|
| LEADER | 02352nam a22004695a 4500 | ||
|---|---|---|---|
| 001 | CEM.cems020375 | ||
| 008 | 230823s2002##################000#0#####d | ||
| 005 | 20230823140032.0 | ||
| 245 | 1 | 0 | |a 18 de amor / |c Macedonio Fernández ... y otros. |
| 260 | |a Buenos Aires : |b Sudamericana, |c 2002. | ||
| 300 | |a 72 p. | ||
| 490 | 0 | |a Primera / Canela | |
| 505 | 0 | |a Leopoldo / Ema Wolf -- Amor y electrodomésticos / Griselda Gálmez -- Julio Moreno / Aldo Tulián -- El peinetón / Julia C. Álvarez Vila -- Omar Roma y su ramo de amor / Silvia Schujer -- Para su consolación / Ricardo Molinari -- La más hermosa / Rubén Palubne -- En las sillas se casan los fantasmas / Nieves De Cesco -- Remonto mi barrilete / Mariana Rosa -- Archibaldo postman / Ricardo Mariño -- Coplamores / Laura Devetach -- Lejos de Estambul / Perla Suez -- La escondida / Luis Salinas -- Cartas / Silvia Schujer -- El anillo encantado / María Teresa Andruetto -- Princesa y caballero / María Cristina Ramos -- Cinta y Ramos / Beatriz Dourmerc -- Romance de los pelegrinitos / Federico García Lorca | |
| 500 | |a Edad sugerida a partir de 10 años. | ||
| 520 | |a En esta antología, 18 autores -algunos muy famosos, otros menos conocidos- cantan y cuentan historias de amor. Cada cual a su modo, con palabras mágicas o palabras sencillas, nos ofrecen: amores para soltar lagrimones, amores para suspirar, amores para morirse de risa. | ||
| 020 | |a 9500711079 | ||
| 100 | 1 | |a Fernández, Macedonio. | |
| 700 | 1 | |a Wolf, Ema. | |
| 700 | 1 | |a Gálmez, Griselda. | |
| 700 | 1 | |a Tulián, Aldo. | |
| 700 | 1 | |a Alvarez, Julia C. | |
| 700 | 1 | |a Schujer, Silvia. | |
| 700 | 1 | |a Molinari, Ricardo. | |
| 700 | 1 | |a Palubne, Ruben. | |
| 700 | 1 | |a De Cesco, Nieves. | |
| 700 | 1 | |a Rosa, Mariana. | |
| 700 | 1 | |a Mariño, Ricardo. | |
| 700 | 1 | |a Devetach, Laura. | |
| 700 | 1 | |a Suez, Perla. | |
| 700 | 1 | |a Salinas, Luis. | |
| 700 | 1 | |a Schujer, Silvia. | |
| 700 | 1 | |a Andruetto, María Teresa. | |
| 700 | 1 | |a Ramos, María Cristina. | |
| 700 | 1 | |a Dourmerc, Beatriz. | |
| 700 | 1 | |a García Lorca, Federico. | |
| 653 | |a Literatura | ||
| 653 | |a Literatura argentina | ||
| 653 | |a Cuentos | ||
| 653 | |a Poesía | ||
| 653 | |a Amor | ||
| 859 | |a CEMS |b BIB. CEMS - Inicial y Primaria |h 808.8 |i F391 |k IP |p 2121 |t Ej.1 | ||
| 859 | |a CEMS |b BIB. CEMS - Inicial y Primaria |h 808.8 |i F391 |k IP |p 2927 |t Ej.2 | ||
